00429nam a2200145Ia 4500003000400000008004100004020001800045082001700063100001700080245004900097260004800146300001700194650003800211650003400249OSt170901s2017 xx 000 0 und d a9789391226568 a664.02bP22I aPatil, R. T. 0aInnovations in Food ProcessingbPatil, R. T. aDelhibSatish Serial Publishing Housec2013 aviii., 259p. aChemical and Related Technologies aTechnology (Applied sciences)